| 000 | 00530nam a2200193 a 4500 | ||
|---|---|---|---|
| 001 | 1770713645007 | ||
| 003 | YourLibrary | ||
| 005 | 20260210142839.0 | ||
| 008 | 260210s1995##################000#0#eng## | ||
| 020 | _a9781858980054 | ||
| 082 | 0 | 4 |
_a333.5 _bTOL |
| 100 | 1 |
_aTollison, Robert D., _eauthor. |
|
| 245 | 1 | 0 | _aThe Economic Analysis of Rent Seeking : |
| 260 |
_bEdward Elgar Publishing, _c1995. |
||
| 300 | _a432 pages | ||
| 650 | 0 | _aBusiness & Economics. | |
| 942 | _cENGLISH | ||
| 040 |
_aYourLibrary _beng _cYourLibrary |
||
| 999 |
_c611430 _d611430 |
||